The arts and crafts in New York 1726-1776 (Record no. 6882)

MARC details
000 -CABECERA
campo de control de longitud fija 00870nam a2200253 a 4500
001 - NÚMERO DE CONTROL
campo de control BRCA_7201
005 - FECHA Y HORA DE LA ÚLTIMA TRANSACCIÓN
campo de control 20190320205740.0
008 - DATOS DE LONGITUD FIJA--INFORMACIÓN GENERAL
campo de control de longitud fija 160112s1938----nyu#######---#000-0#eng-#
041 ## - CÓDIGO DE LENGUA
Código de lengua del texto/banda sonora o título independiente eng
044 ## - CÓDIGO DEL PAÍS DE LA ENTIDAD EDITORA/PRODUCTORA
Código MARC del país nyu
050 #4 - SIGNATURA TOPOGRÁFICA DE LA BIBLIOTECA DEL CONGRESO
Número de clasificación N6535 .N5
Número de documento/Ítem .A78 1938
100 1# - ENTRADA PRINCIPAL--NOMBRE DE PERSONA
Nombre de persona Gottesman, Rita Susswein
Fechas asociadas al nombre 1906-
Término indicativo de función/relación comp.
9 (RLIN) 17843
245 10 - MENCIÓN DE TÍTULO
Título The arts and crafts in New York 1726-1776
Resto del título advertisements and news items from New York City newspapers
Mención de responsabilidad, etc. Compiled by Rita S. Gottesman.
260 ## - PUBLICACIÓN, DISTRIBUCIÓN, ETC.
Lugar de publicación, distribución, etc. Nueva York
Nombre del editor, distribuidor, etc. New York Historical Society
Fecha de publicación, distribución, etc. 1938
300 ## - DESCRIPCIÓN FÍSICA
Extensión xviii, 450 p.
Dimensiones 24 cm.
500 ## - NOTA GENERAL
Nota general Incluye índoce alfabético
500 ## - NOTA GENERAL
Nota general P95
600 14 - PUNTO DE ACCESO ADICIONAL DE MATERIA--NOMBRE DE PERSONA
Nombre de persona Gottesman, Rita Susswein
Fechas asociadas al nombre 1906-
Término indicativo de función/relación comp.
9 (RLIN) 17843
650 14 - PUNTO DE ACCESO ADICIONAL DE MATERIA--TÉRMINO DE MATERIA
Término de materia o nombre geográfico como elemento de entrada Arte
Subdivisión geográfica Nueva York (ciudad)
9 (RLIN) 17844
650 14 - PUNTO DE ACCESO ADICIONAL DE MATERIA--TÉRMINO DE MATERIA
Término de materia o nombre geográfico como elemento de entrada Artesanias
Subdivisión geográfica Nueva York (ciudad)
9 (RLIN) 17845
650 14 - PUNTO DE ACCESO ADICIONAL DE MATERIA--TÉRMINO DE MATERIA
Término de materia o nombre geográfico como elemento de entrada Artesanias
Subdivisión geográfica Estados Unidos
9 (RLIN) 17846
902 ## - CATALOGADOR
Iniciales GFM
942 ## - ELEMENTOS DE PUNTO DE ACCESO ADICIONAL (KOHA)
Fuente del sistema de clasificación o colocación Library of Congress Classification
Tipo de ítem Koha Libros
Holdings
Estado de retiro Estado de pérdida Estado dañado No para préstamo Localización permanente Ubicación/localización actual Fecha de adquisición Número de inventario Total de préstamos Signatura topográfica completa Código de barras Fecha visto por última vez Precio válido a partir de Tipo de ítem Koha
El ejemplar forma parte de la colección y puede ser consultado según las políticas vigentes.       Biblioteca del Museo Franz Mayer (Rogerio Casas-Alatriste) Biblioteca del Museo Franz Mayer (Rogerio Casas-Alatriste) 16/01/2012 P95   N6535 .N5 .A78 1938 (P95) 7655 22/03/2019 22/03/2019 Libros